BTS / Bangtan Boys Analogies - Statistics

General Stats
  • This quiz has been taken 2,089 times
  • The average score is 11 of 22
Answer Stats
Hint Answer % Correct
Jimin is to singer as Suga is to ______ Rapper
97%
1997 is to Jungkook as ____ is to J-Hope 1994
95%
Yoongi is to Suga as _______ is to Rap Monster Namjoon
82%
Gwangju is to J-Hope as _____ is to Jimin Busan
79%
Park is to Jimin as ____ is to Jungkook Jeon
77%
Jungkook is to young as ___ is to old Jin
76%
Visual is to Jin as ______ is to Rap Monster Leader
61%
진 is to Jin as 제이홉 is to _____ J-Hope
56%
Capricorn is to V as _____ is to Jungkook Virgo
52%
December 30 is to V as _____ _ is to Suga March 9
51%
V is to detective as Jungkook is to ______ _______ Police Officer
51%
I don't wanna say yes is to Jungkook as I got a feel is to _____ Jimin
48%
Rap Monster is to English as V is to ________ Japanese
46%
V is to ladybug fairy as Rap Monster is to ______ ____ Sailor Moon
46%
N.O. is to O!RUL8,2? as Boy in Luv is to _____ ___ ______ Skool Luv Affair
43%
Sick is to Dope as Crow Tit is to ______ _____ Silver Spoon
32%
Dope is to I Need U as ______ is to Just One Day Danger
20%
Pills are to J-Hope as _______ is to Jimin Bathtub
19%
Jungkook is to Grim Reaper as Jimin is to _______ _______ Charlie Chaplin
12%
Short is to Young Forever as Long is to ___ Run
10%
Nirvana is to V as _______ ______ are to Suga Rolling Stones
4%
Most is to Dope as least is to _____ _______ Young Forever
4%
No matching quizzes found
Score Distribution
Percent of People with Each Score
Percentile by Number Answered
Your Score History
You have not taken this quiz